Mechanics of Materials (Record no. 6237)

MARC details
000 -LEADER
fixed length control field 00546nam a22002177a 4500
003 - CONTROL NUMBER IDENTIFIER
control field OSt
005 - DATE AND TIME OF LATEST TRANSACTION
control field 20190819110935.0
008 - FIXED-LENGTH DATA ELEMENTS--GENERAL INFORMATION
fixed length control field 190819b ||||| |||| 00| 0 eng d
020 ## - INTERNATIONAL STANDARD BOOK NUMBER
International Standard Book Number 9781292178202
020 ## - INTERNATIONAL STANDARD BOOK NUMBER
International Standard Book Number 1292178205
040 ## - CATALOGING SOURCE
Transcribing agency ddc
082 ## - DEWEY DECIMAL CLASSIFICATION NUMBER
Classification number 530 HIB 2018
100 ## - MAIN ENTRY--PERSONAL NAME
Personal name Hibbeler, R.C.
9 (RLIN) 12293
245 ## - TITLE STATEMENT
Title Mechanics of Materials
250 ## - EDITION STATEMENT
Edition statement 10th ed.
260 ## - PUBLICATION, DISTRIBUTION, ETC. (IMPRINT)
Place of publication, distribution, etc. UK;
Name of publisher, distributor, etc. Pearson,
Date of publication, distribution, etc. 2018
300 ## - PHYSICAL DESCRIPTION
Extent 892p;
Other physical details col.ill:
Dimensions 24cm
504 ## - BIBLIOGRAPHY, ETC. NOTE
Bibliography, etc Appendices, answers, & index included
650 ## - SUBJECT ADDED ENTRY--TOPICAL TERM
Topical term or geographic name as entry element Mechanics
9 (RLIN) 819
942 ## - ADDED ENTRY ELEMENTS (KOHA)
Source of classification or shelving scheme Dewey Decimal Classification
Koha item type Book
Holdings
Withdrawn status Lost status Source of classification or shelving scheme Damaged status Not for loan Home library Current library Date acquired Source of acquisition Inventory number Total Checkouts Full call number Barcode Date last seen Koha item type
    Dewey Decimal Classification     Main Kihumuro Campus Main Kihumuro Campus 19/08/2019 Purchase 19/41079   530 HIB 2018 2019-0149 19/08/2019 Short Loan
    Dewey Decimal Classification     Main Kihumuro Campus Main Kihumuro Campus 19/08/2019 Purchase 19/41080   530 HIB 2018 2019-0150 19/08/2019 Short Loan
    Dewey Decimal Classification     Main Kihumuro Campus Main Kihumuro Campus 19/08/2019 Purchase 19/41081   530 HIB 2018 2019-0151 19/08/2019 Short Loan
    Dewey Decimal Classification     Main Kihumuro Campus Main Kihumuro Campus 19/08/2019 Purchase 19/41082   530 HIB 2018 2019-0152 19/08/2019 Short Loan
    Dewey Decimal Classification     Main Kihumuro Campus Main Kihumuro Campus 19/08/2019 Purchase 19/41083   530 HIB 2018 2019-0153 19/08/2019 Short Loan